000 00791nam a22002417a 4500
003 UA-OsUOA
001 39745
007 ta
008 20080516b un ||||| |||| 00| 0 ukr d
090 _a086
_bД47
942 _cBK
040 _aUA-OsUOA
_bukr
_cUA-OsUOA
_dUA-OsUOA
245 _aДиректорія, Рада Народних Міністрів Української Народної Республіки 1918 - 1920
_bТом 1
300 _a686 с.
955 _a1
041 _aukr
080 _a086
020 _a966-7601-77-3
260 _aК.
_bВидавництво ім. О. Теліги
_c2006
246 3 1 _aДокументи і матеріали у 2 томах 3 частинах
650 7 _a08 Видання. Колективні праці
_2UDC
999 _c438254
_d438254